Fr. Conceicao Rodrigues College of Engineering

Mechatronics:Electronic control system in Mechanical and electrical engineering (Record no. 31210)

MARC details
000 -LEADER
fixed length control field 00378nam a2200157Ia 4500
082 ## - DEWEY DECIMAL CLASSIFICATION NUMBER
Classification number 621.381042
Item number BOL
100 ## - MAIN ENTRY--PERSONAL NAME
Personal name Bolton/W
250 ## - EDITION STATEMENT
Edition statement 3
245 ## - TITLE STATEMENT
Title Mechatronics:Electronic control system in Mechanical and electrical engineering
260 ## - PUBLICATION, DISTRIBUTION, ETC.
Name of publisher, distributor, etc. Pearson Education
Date of publication, distribution, etc. 2003
366 ## - TRADE AVAILABILITY INFORMATION
Publishers's discount category 15
300 ## - PHYSICAL DESCRIPTION
Extent 574
546 ## - LANGUAGE NOTE
Language note ENGLISH
654 ## - SUBJECT ADDED ENTRY--FACETED TOPICAL TERMS
Focus term Mechatronics
942 ## - ADDED ENTRY ELEMENTS (KOHA)
Koha item type BOOK
Holdings
Withdrawn status Lost status Damaged status Not for loan Collection Home library Current library Date acquired Cost, normal purchase price Total Checkouts Full call number Barcode Date last seen Cost, replacement price Price effective from Koha item type Date last checked out
        CRC Fr. Agnel's C.Rodrigues College of Engineering Fr. Agnel's C.Rodrigues College of Engineering 17/03/2023 250.75   621.381042 BOL 15330 17/03/2023 295.00 17/03/2023 BOOK  
        CRC Fr. Agnel's C.Rodrigues College of Engineering Fr. Agnel's C.Rodrigues College of Engineering 17/03/2023 250.75   621.381042 BOL 15331 17/03/2023 295.00 17/03/2023 BOOK  
        CRC Fr. Agnel's C.Rodrigues College of Engineering Fr. Agnel's C.Rodrigues College of Engineering 17/03/2023 250.75   621.381042 BOL 15332 17/03/2023 295.00 17/03/2023 BOOK  
        CRC Fr. Agnel's C.Rodrigues College of Engineering Fr. Agnel's C.Rodrigues College of Engineering 17/03/2023 250.75 1 621.381042 BOL 15333 06/01/2025 295.00 17/03/2023 BOOK 06/08/2024
        CRC Fr. Agnel's C.Rodrigues College of Engineering Fr. Agnel's C.Rodrigues College of Engineering 17/03/2023 250.75   621.381042 BOL 15334 17/03/2023 295.00 17/03/2023 BOOK